| 000 | 00516nam a2200205Ia 4500 | ||
|---|---|---|---|
| 008 | 170918s9999 xx 000 0 und d | ||
| 020 | _a9780516273785 | ||
| 050 | _bG533 2001 | ||
| 100 | _aGisler, David | ||
| 245 | _aAddition Annie / | ||
| 245 | _cby David Gisler ; illustrated by Sarah A. Beise. | ||
| 260 | _aNew York : | ||
| 260 | _bChildren's Press, | ||
| 260 | _c2001 | ||
| 300 | _a31 pages : | ||
| 300 | _bcolored illustration ; | ||
| 300 | _c17cm. | ||
| 300 | _eA rookie reader. | ||
| 500 | _aBR | ||
| 999 |
_c343205 _d343205 |
||